000 00429nam a2200181Ia 4500
008 151202s9999||||xx |||||||||||||| ||und||
082 _bPNVM-83062
100 _aENID BLYTON.
245 _aFive Have Wanderful Time.
260 _b---
260 _c0
300 _a0
600 _aENID BLYTON.
630 _aFive Have Wanderful Time.
700 _aENID BLYTON.
730 _aFive Have Wanderful Time.
942 _cBOOK
999 _c1347730
_d1347727